Statistics for Top 30 Countries by GDP per capita

Click here to take the quiz!

General Stats

  • This quiz has been taken 109 times
  • The average score is 27 of 30

Answer Stats

RankAnswerAmount% Correct
5Norway$81,695
99%
13Sweden$53,873
99%
22United Kingdom$42,558
99%
1Liechtenstein$166,022
98%
3Luxembourg$114,234
98%
26Japan$39,306
97%
4Switzerland$82,950
97%
12Australia$56,352
94%
21France$42,878
94%
18Germany$48,264
94%
2Monaco$165,421
94%
19Belgium$46,724
93%
20Canada$46,261
93%
6Ireland$76,099
93%
11Denmark$60,692
92%
16Finland$49,845
92%
28Italy$34,260
92%
14Netherlands$53,106
92%
8Qatar$70,780
92%
15Austria$51,509
91%
9Singapore$64,041
91%
7Iceland$74,278
90%
24New Zealand$41,267
90%
25United Arab Emirates$40,711
89%
17San Marino$48,946
88%
27Andorra$39,153
80%
30Brunei$32,414
76%
23Israel$41,644
76%
10United States of America$62,606
76%
29The Bahamas$34,003
34%

Score Distribution

Percentile by Number Answered

Percent of People with Each Score

Your Score History

You have not taken this quiz